00388nam a2200157Ia 4500003000400000005001700004008004100021040000700062041000800069082001500077100001700092245006700109260003100176300000900207650001400216OSt20260326113023.0250729s2005 xx 000 0 und d cAL aeng a372.2 AGGM aJ.C.Aggarwal aHistory and philosophy of pre - primary and nursery education aNewdelhibDoba Housec2005 a228p aEducation